000 00543nam a2200217 a 4500
001 BRCA_7400
005 20190320205825.0
008 230313s1947----gw-ab#####---#000-0#ger-#
041 _ager
044 _agw
050 4 _aCJ233
_b.L36 1947
100 1 _aLange, Kurt
_918259
245 1 0 _aAntike Munzen
_cKurt Lange.
260 _aBerlĂ­n
_bG. Mann
_cc1947
300 _a50 p.
_bil., mapas
440 0 _aAntiken aus den Berliner Museen
_v8
_918260
500 _aQ123
650 1 4 _aMonedas antiguas
_918261
902 _aGFM
942 _2lcc
_cB
999 _c7076
_d7076